000
00335nam a2200133 a 4500
005
20140414093845.0
008
091105s19uu xx 00 eng d
050
_a
CD 423
_b
DIC 2006
245
_a
Dictionary & Thesaurus :
_b
Webster's New World.
650
_a
Dictionaries.
650
_a
Thesaurus.
942
_c
AVM
999
_c
109537
_d
109537